[Event "Cusco zt 2.4"]
[Site "Cusco"]
[Date "2025.01.29"]
[Round "3"]
[White "Monroy Garzon, Javier A"]
[Black "Gonzales Mayta, Alvaro Sebastian"]
[Result "1-0"]
[WhiteElo "1954"]
[BlackElo "1630"]
[PlyCount "45"]
[EventDate "2025.01.28"]
[EventType "swiss"]
[EventRounds "9"]
[EventCountry "PER"]
[SourceTitle "CB06_2025"]
[SourceDate "2025.02.05"]
[SourceVersion "1"]
[SourceVersionDate "2025.02.05"]
[SourceQuality "1"]

1. Nf3 d5 2. d4 Nf6 3. e3 Bf5 4. c4 c6 5. Nc3 e6 6. Qb3 Qb6 7. c5 Qc7 8. Ne5 Nbd7 9. f4 Be7 10. Be2 Nxe5 11. fxe5 Nd7 12. Bd2 0-0 13. 0-0 b6 14. cxb6 axb6 15. Rac1 c5 16. Nxd5 exd5 17. Rxf5 c4 18. Qb5 Rxa2 19. Qxd5 Rxb2 20. Bxc4 Qd8 21. Rxf7 Rxf7 22. Qxf7+ Kh8 23. Bc3 1-0